La economía latinoamericana: formación histórica y problemas contemporáneos

El análisis del desarrollo de cualquier economía nacional latinoamericana requiere su inserción en el cuadro regional, del mismo modo que exige una nítida percepción del comportamiento de los polos dinámicos de la economía mundial.

Gardado en:
Detalles Bibliográficos
Autor Principal: Furtado, Celso
Formato: Libro
Idioma:Spanish
Publicado: México: Siglo Veintiuno Editores, 1991
Edición:22 ed.
Subjects:
Acceso en liña:Enlace del recurso
Tags: Engadir etiqueta
Sen Etiquetas, Sexa o primeiro en etiquetar este rexistro!

MARC

LEADER 00000nam a2200000 a 4500
001 000593
008 030320s1991 mx a fr# #001|0#spa#d
020 |a 968-23-1758-4 
041 0 |a spa 
043 |a n-mx--- 
082 0 4 |a 330.98  |b F867e 
100 1 |a Furtado, Celso 
245 1 3 |a La economía latinoamericana:  |b formación histórica y problemas contemporáneos   |c Celso Furtado 
250 |a 22 ed. 
260 |a México:  |b Siglo Veintiuno Editores,  |c 1991 
300 |a 362 p.:  |b il., tabl. 
500 |a Incluye índices. 
504 |a Incluye bibliografía e índices. 
520 3 |a El análisis del desarrollo de cualquier economía nacional latinoamericana requiere su inserción en el cuadro regional, del mismo modo que exige una nítida percepción del comportamiento de los polos dinámicos de la economía mundial. 
534 |p Título original:  |t Formação económica de América Latina 
650 1 4 |a ECONOMÍA  |z AMÉRICA LATINA 
650 1 4 |a DESARROLLO ECONÓMICO 
999 |c 2745  |d 2745 
856 |u https://catalogo.idep.edu.co/cgi-bin/koha/opac-detail.pl?biblionumber=2745  |z Enlace del recurso